00421cam a2200133 a 4500008004100000035001200041050002100053100002400074245007100098260004100169300002100210440002800231651002800259040202s1976 mx 000 0 spa u aa43480700aF3100 bT45 19761 aTeitelboim, Volodia13aLa lucha continúa :bpólvora del exilio /cVolodia Teitelboim. aMéxico :bCultura Popular, c1976. a137 p. ;c21 cm. 0aDemocracia y socialismo 0aChile xHistoria y1973